| 000 -LEADER |
| fixed length control field |
00373cam a22001217a 4500 |
| 008 - FIXED-LENGTH DATA ELEMENTS--GENERAL INFORMATION |
| fixed length control field |
180718b1978. xxu||||| |||| 00| 0 eng d |
| 082 ## - DEWEY DECIMAL CLASSIFICATION NUMBER |
| Classification number |
A99 R137 N143 |
| 100 ## - MAIN ENTRY--PERSONAL NAME |
| Personal name |
Narasimha Char, K.T. |
| 245 ## - TITLE STATEMENT |
| Title |
C. Rajagopalachari: his life and mind |
| Statement of responsibility, etc. |
by K.T. Narasimha Char |
| 260 ## - PUBLICATION, DISTRIBUTION, ETC. |
| Place of publication, distribution, etc. |
Delhi |
| Name of publisher, distributor, etc. |
Heritage |
| Date of publication, distribution, etc. |
1978. |
| 300 ## - PHYSICAL DESCRIPTION |
| Extent |
184p. |
| 650 ## - SUBJECT ADDED ENTRY--TOPICAL TERM |
| Topical term or geographic name entry element |
Rajagopaalachari, Chakravarti, 1879-1972 |